El nuevo profesor secundario: la planificación sociológica de una profesión
Uloženo v:
| Hlavní autoři: | , , |
|---|---|
| Médium: | Kniha |
| Jazyk: | španělština |
| Vydáno: |
Santiago
Nueva Universidad
1970
|
| Témata: | |
| Tagy: |
Přidat tag
Žádné tagy, Buďte první, kdo vytvoří štítek k tomuto záznamu!
|
MARC
| LEADER | 00000nam a2200000 a 4500 | ||
|---|---|---|---|
| 001 | UCY7960 | ||
| 003 | CL-VaPUC | ||
| 008 | 950623e19700000CL |||||||||||||||||spa|d | ||
| 082 | 0 | 4 | |a 306.43 |b GYA |2 21 |
| 100 | |a Gyarmati, Gabriel |e author |9 460179 | ||
| 700 | 0 | |a Ortúzar, Pelagia |e author |9 338942 | |
| 700 | 0 | |a Cereceda, Luz E |e author |9 338943 | |
| 245 | 1 | 3 | |a El nuevo profesor secundario: la planificación sociológica de una profesión |
| 300 | |a 293 p | ||
| 942 | |c BK | ||
| 945 | |d 19950623 00:00:00 |a mfernand | ||
| 260 | |a Santiago |b Nueva Universidad |c 1970 | ||
| 650 | 0 | |a Sociología de la educación |9 260380 | |
| 650 | 7 | |a PROFESORES DE EDUCACION MEDIA |2 CL-VaPUC |9 338944 | |
| 650 | 0 | |a Formación de profesores |9 338945 | |
| 650 | 0 | |a Encuestas |9 259666 | |
| 650 | 7 | |a DESEMPEÑO DE UN ROL |2 CL-VaPUC |9 338946 | |
| 650 | 7 | |a ROL |2 CL-VaPUC |9 338947 | |
| 650 | 0 | |a Socialización |9 309940 | |
| 583 | |a last modification |c 19950623 00:00:00 |k Rodrigo Vera | ||
| 999 | |c 235253 |d 235251 | ||
| 952 | |0 0 |1 0 |4 0 |6 306_430000000000000_GYA_1970 |7 0 |8 P |9 242536 |a BIBEDU |b BIBEDU |c BIBEDU_PB |d 2019-11-18 |i 1523384 |o 306.43 GYA 1970 |p 1523384 |r 2024-01-25 |w 2019-11-18 |y BK |k EDU | ||
| 952 | |0 0 |1 0 |4 0 |6 306_430000000000000_GYA_1970 |7 0 |8 P |9 242537 |a BIBEDU |b BIBEDU |c BIBEDU_PB |d 2019-11-18 |i 152268K |o 306.43 GYA 1970 |p 152268K |r 2024-01-25 |w 2019-11-18 |y BK |k EDU | ||
| 952 | |0 0 |1 0 |4 0 |6 306_430000000000000_GYA_1970 |7 0 |8 P |9 242538 |a BIBEDU |b BIBEDU |c BIBEDU_PB |d 2019-11-18 |i 1602233 |o 306.43 GYA 1970 |p 1602233 |r 2024-01-25 |w 2019-11-18 |y BK |k EDU | ||
| 952 | |0 0 |1 0 |4 0 |6 306_430000000000000_GYA_1970 |7 0 |8 P |9 242539 |a BIBEDU |b BIBEDU |c BIBEDU_PB |d 2019-11-18 |i 1602063 |o 306.43 GYA 1970 |p 1602063 |r 2024-01-25 |w 2019-11-18 |y BK |k EDU | ||
| 952 | |0 0 |1 0 |4 0 |6 306_430000000000000_GYA_1970 |7 0 |8 P |9 242541 |a BIBEDU |b BIBEDU |c BIBEDU_PB |d 2019-11-18 |i 2014971 |o 306.43 GYA 1970 |p 2014971 |r 2024-01-25 |w 2019-11-18 |y BK |k EDU | ||
| 952 | |0 0 |1 0 |4 0 |6 306_430000000000000_GYA_1970 |7 0 |8 P |9 242542 |a BIBEDU |b BIBEDU |c BIBEDU_PB |d 2019-11-18 |i 3419061 |o 306.43 GYA 1970 |p 3419061 |r 2024-01-25 |w 2019-11-18 |y BK |k BME | ||
| 952 | |0 0 |1 0 |4 0 |6 306_430000000000000_GYA_1970 |7 0 |8 P |9 242543 |a BIBEDU |b BIBEDU |c BIBEDU_PB |d 2019-11-18 |i 410868K |o 306.43 GYA 1970 |p 410868K |r 2024-01-25 |w 2019-11-18 |y BK |k EPE | ||